000 01179nmm a2200325 i 4500
001 bg
245 0 0 _aZiemia z nieba
_h[Film].
_nCz. 1-2,
_pWyżywić sześć miliardów ludzi /
_crealiz. Christian Cascio.
260 _aŁódź :
_bWytwórnia Pomocy Dydaktycznych,
_c[2010?].
300 _a1 płyta wiz. (DVD) (105 min) :
_bdźw., kolor. ;
_c12 cm.
490 1 _aWideoteka Edukacyjna ;
_v1037
500 _aTyt. z etykiety na dysku.
500 _aPojemnik : 20x14x2 cm.
500 _aFilm przyrodniczy.
546 _aNarracja w jęz. fr., lektor w jęz. pol.
650 4 _aRolnictwo
_xwpływ na środowisko
650 4 _aRolnictwo ekologiczne
650 4 _aOchrona środowiska
650 4 _aFilm edukacyjny
700 1 _aCascio, Chrystian.
_eRealiz.
830 0 _aWideoteka Edukacyjna ;
_v1037
040 _cBPK
041 1 _apol
_hfre
044 _aFRA
080 _a502/504
080 _a631/635
080 _a(086.82)
942 _cDVD
008 110224s2010 pl d |000 0 pol
999 _c41242
_d41242
856 _uhttp://koha.tu.koszalin.pl/cgi-bin/koha/opac-detail.pl?biblionumber=41242
_yKatalog online BPK